Pengenalan kepada insurans

Bibliographic Details
Main Author: Dorfman, Mark S.
Other Authors: Zein Isma bin Ismail
Format: Book
Published: Kuala Lumpur : Dewan Bahasa dan Pustaka , 1993
Subjects:

MARC

LEADER 00000cam a2200000 7i4500
001 0000001689
005 20050505.0
020 |a 9836231633 
040 |a INS 
090 0 0 |a HG8051.   |b D65 1993 
100 1 |a Dorfman, Mark S. 
245 1 0 |a Pengenalan kepada insurans   |c Mark S.Dorfman 
260 |a Kuala Lumpur :   |b Dewan Bahasa dan Pustaka ,   |c 1993 
300 |a xix, 591p. ;   |c 24 cm. 
650 0 0 |a Insurance 
700 0 |a Zein Isma bin Ismail 
999 |a 0000004906   |b BOOK   |c Open Shelf   |e Default branch